[Event "Budapest BSSZ op"]
[Site "Budapest"]
[Date "2023.08.25"]
[Round "7"]
[White "Karacsonyi, Luca"]
[Black "Gabula, Adam"]
[Result "0-1"]
[WhiteElo "1810"]
[BlackElo "1979"]
[PlyCount "98"]
[EventDate "2023.08.21"]
[EventType "swiss"]
[EventRounds "9"]
[EventCountry "HUN"]
[SourceTitle "EXT 2024"]
[Source "ChessBase"]
[SourceDate "2023.10.10"]
[SourceVersion "1"]
[SourceVersionDate "2023.10.10"]
[SourceQuality "1"]

1. e4 e6 2. d4 d5 3. Nd2 c5 4. exd5 Qxd5 5. dxc5 Qxc5 6. Ngf3 Nf6 7. Bd3 Nbd7 8. 0-0 Qc7 9. c4 g6 10. b3 Bg7 11. Bb2 0-0 12. Qe2 b6 13. Ne5 Bb7 14. Rfe1 Nc5 15. Bc2 Nh5 16. b4 Na6 17. b5 Nc5 18. Ndf3 Rad8 19. Rad1 Rxd1 20. Qxd1 Rd8 21. Qe2 f6 22. Ng4 Qf4 23. Ne3 Bxf3 24. Qxf3 Qxf3 25. gxf3 f5 26. Ba3 Bf8 27. Rd1 Rxd1+ 28. Bxd1 Nf4 29. Nc2 e5 30. Ne3 Kf7 31. Nd5 Ke6 32. Nxf4+ exf4 33. Kf1 Nd7 34. Bxf8 Nxf8 35. Ke2 Kd6 36. Kd3 Kc5 37. Kc3 Ne6 38. Be2 Ng5 39. Bd1 Nh3 40. Be2 Nxf2 41. h4 Nh1 42. Bd1 Ng3 43. a3 Nh5 44. Be2 Nf6 45. Bd1 Nd7 46. Be2 Ne5 47. a4 h6 48. Kb3 g5 49. hxg5 hxg5 0-1